Statistics for Pokémon Gym Leaders, Elite Four and Champions

Click here to take the quiz!

General Stats

  • This quiz has been taken 343 times
    (100 since last reset)
  • The average score is 96 of 137

Answer Stats

Answer% Correct
Brock
99%
Koga
99%
Lt Surge
99%
Misty
99%
Lance
97%
Blaine
96%
Blue
96%
Eri
96%
Erica
96%
Giovanni
96%
Sabrina
96%
Agatha
94%
Bruno
94%
Wallace
91%
Bugsy
88%
Iris
88%
Lorelei
88%
Steven
88%
Alder
85%
Cynthia
85%
Jasmine
85%
Pryce
85%
Whitney
85%
Falkner
84%
Liza
84%
Morty
84%
Norman
84%
Tate
84%
Wattson
84%
Candice
82%
Clair
82%
Janine
82%
Roark
82%
Roxanne
82%
Drake
81%
Volkner
81%
Brawly
79%
Chuck
79%
Crasher Wake
79%
Juan
79%
Karen
79%
Winona
79%
Cilan
78%
Flannery
78%
Burgh
76%
Chili
76%
Clay
76%
Cress
76%
Gardenia
76%
Maylene
76%
Skyla
76%
Will
76%
Aaron
75%
Diantha
75%
Drayden
75%
Elesa
75%
Leon
75%
Roxie
75%
Sidney
75%
Bertha
73%
Byron
73%
Cheren
73%
Fantina
73%
Glacia
73%
Hala
73%
Olivia
73%
Flint
72%
Grimsley
72%
Lenora
72%
Acerola
70%
Brycen
70%
Phoebe
70%
Hapu
69%
Korrina
69%
Mallow
69%
Piers
69%
Viola
69%
Bea
67%
Drasna
67%
Kiawe
67%
Lucian
67%
Marlon
67%
Marshal
67%
Nanu
67%
Nessa
67%
Sophocles
67%
Trace
67%
Bede
66%
Clemont
66%
Iono
66%
Lana
66%
Opal
66%
Siebold
66%
Valerie
66%
Allister
64%
Geeta
64%
Larry
64%
Malva
64%
Milo
64%
Raihan
64%
Ramos
64%
Wulfric
64%
Marnie
63%
Nemona
63%
Olympia
63%
Caitlin
61%
Grant
61%
Kabu
61%
Mustard
61%
Shauntal
61%
Kahili
58%
Wikstrom
58%
Molayne
55%
Ryme
55%
Grusha
54%
Ilima
54%
Melony
52%
Tulip
52%
Katy
51%
Peony
51%
Brassius
49%
Kofu
49%
Rika
49%
Avery
46%
Klara
46%
Drayton
45%
Mela
45%
Poppy
45%
Atticus
43%
Gordy
43%
Giacomo
42%
Mina
42%
Ortega
40%
Hassel
37%
Crispin
36%
Lacey
31%
Amarys
27%

Score Distribution

Percentile by Number Answered

Percent of People with Each Score

Your Score History

You have not taken this quiz since the last reset